000 00324nam a22001457a 4500
003 OSt
005 20160727222401.0
008 160623b xxu||||| |||| 00| 0 eng d
040 _cTEST
100 _9696
_aUNICEF
245 _aAids Awareness
260 _aKenya
_bSudan Lit.
_c1997
300 _aAids Awareness
942 _2ddc
_cBK
999 _c562
_d562